Delegovanie

Pojem delegovanie. Proces delegovania, výhody. Priebeh delegovania.

Salvato in:
Dettagli Bibliografici
Autore principale: Skorková, Zuzana, 1979-
Natura: Capitolo di libro
Lingua:slovacco
Soggetti:
Tags: Aggiungi Tag
Nessun Tag, puoi essere il primo ad aggiungerne!!

MARC

LEADER 00000nla a2200000 4500
001 0185723
005 20240502073159.5
041 0 |a slo 
044 |a SK 
245 1 0 |a Delegovanie  |c Zuzana Skorková 
520 |a Pojem delegovanie. Proces delegovania, výhody. Priebeh delegovania. 
610 2 0 |a podnik 
610 2 0 |a manažment 
610 2 0 |a delegovanie právomoci 
100 1 |a Skorková, Zuzana, 1979-